[Event "Tournoi Skype 030B"]
[Site "Skype"]
[Date "????.??.??"]
[Round "7.52"]
[White "Ramirez, Luis Antonio"]
[Black "Marroquin Mayhua, Silvia"]
[Result "1-0"]
[WhiteElo "1049"]
[BlackElo "1000"]
[PlyCount "125"]

1. d4 d5 2. Nf3 Nc6 3. e3 Bf5 4. c3 Nf6 5. Bd3 g6 6. Bc2 Bg7 7. O-O O-O 8. Nbd2
h6 9. Re1 Qd6 10. e4 dxe4 11. Nxe4 Nxe4 12. Bxe4 Bxe4 13. Rxe4 f5 14. Bf4 Qd7
15. Re3 g5 16. Nxg5 Rf6 17. Qh5 Qe8 18. Qxe8+ Rxe8 19. Ne4 Re6 20. d5 Rxe4 21.
dxc6 Rxf4 22. cxb7 Rb8 23. Rxe7 Bf8 24. Re6 Rg4 25. Rd1 Bd6 26. Rxh6 Kg7 27.
Re6 Rxb7 28. b4 f4 29. f3 Rg5 30. Re8 Kf7 31. Rde1 Re5 32. R8xe5 Bxe5 33. Rxe5
c6 34. Rf5+ Ke8 35. Rxf4 Rf7 36. Re4+ Kd7 37. a3 Rf6 38. a4 Rd6 39. g4 Rd1+ 40.
Kg2 Rd2+ 41. Kh3 Rf2 42. Kg3 Ra2 43. Rd4+ Kc7 44. g5 Rxa4 45. g6 Ra1 46. Kf4
Re1 47. g7 Re8 48. Kf5 Kb6 49. Kf6 a5 50. bxa5+ Kxa5 51. Kf7 Rc8 52. g8=Q Rxg8
53. Kxg8 c5 54. Rd8 Kb5 55. h4 Ka4 56. h5 Kb3 57. Rc8 Kxc3 58. Rxc5+ Kd3 59.
Re5 Kd4 60. Re8 Kd5 61. h6 Kd6 62. h7 Kd7 63. Re4 1-0

[Event "Tournoi Skype 030B"]
[Site "Skype"]
[Date "????.??.??"]
[Round "7.54"]
[White "Wildt, Gerti"]
[Black "Latterra, Jeremias"]
[Result "1/2-1/2"]
[WhiteElo "1000"]
[BlackElo "1006"]
[PlyCount "91"]

1. c4 e5 2. Nc3 Nf6 3. Nf3 Nc6 4. e4 Bb4 5. d3 Bxc3+ 6. bxc3 O-O 7. Be2 d6 8.
O-O Rb8 9. Re1 a6 10. h3 Na7 11. Be3 c5 12. d4 cxd4 13. cxd4 exd4 14. Bxd4 Nc6
15. Bc3 b5 16. Nd2 bxc4 17. Bxc4 Na5 18. Bd3 Re8 19. f3 Nc6 20. Nb3 Ne5 21. Nd4
Nxd3 22. Qxd3 Qb6 23. Rab1 Qa7 24. Rxb8 Qxb8 25. Nc6 Qb6+ 26. Kf1 Qxc6 27. g4
h5 28. g5 Bxh3+ 29. Kf2 Qb6+ 30. Ke2 Nh7 31. g6 fxg6 32. Qd5+ Be6 33. Qd3 Ng5
34. Bd4 Qb5 35. Rg1 Nh3 36. Kd2 Nxg1 37. Bxg1 Qxd3+ 38. Kxd3 Bxa2 39. Bh2 Re6
40. f4 a5 41. Kd4 a4 42. f5 gxf5 43. exf5 Re2 44. Bxd6 Rd2+ 45. Ke5 Rd5+ 46.
Ke6 1/2-1/2

[Event "Tournoi Skype 030B"]
[Site "Skype"]
[Date "????.??.??"]
[Round "7.55"]
[White "Bellati, Fabio"]
[Black "Schnell, Nicolas"]
[Result "1-0"]
[WhiteElo "1104"]
[BlackElo "1000"]
[PlyCount "37"]

1. e4 e5 2. Nf3 Nc6 3. Bc4 Nf6 4. c3 Nxe4 5. Qe2 Nf6 6. d4 e4 7. Ng5 Qe7 8.
Bxf7+ Kd8 9. Bb3 d5 10. Nd2 Qd7 11. f3 Qf5 12. Nf7+ Ke8 13. Nxh8 Bd6 14. fxe4
dxe4 15. Bc2 Qf4 16. Nxe4 Qh4+ 17. Ng3+ Kd8 18. Nf7+ Kd7 19. Bf5# 1-0

[Event "Tournoi Skype 030B"]
[Site "Skype"]
[Date "????.??.??"]
[Round "7.56"]
[White "Bland, Marilyn"]
[Black "Cassano, Mariangela"]
[Result "1-0"]
[WhiteElo "1034"]
[BlackElo "1000"]
[PlyCount "57"]

1. d4 d5 2. Nf3 Nf6 3. e3 e6 4. Be2 Be7 5. O-O O-O 6. c4 dxc4 7. Bxc4 Nbd7 8.
Nc3 c6 9. Re1 b6 10. e4 Bb7 11. h3 c5 12. d5 exd5 13. exd5 Re8 14. Bf4 h6 15.
Nb5 Ba6 16. Nc7 Qxc7 17. Bxc7 Rac8 18. d6 Bxc4 19. dxe7 Rxe7 20. Qd6 Re6 21.
Qf4 Nd5 22. Qxc4 Rxc7 23. Qxd5 Nf6 24. Qd8+ Re8 25. Qxc7 g6 26. Rxe8+ Kg7 27.
Ne5 Nxe8 28. Qxf7+ Kh8 29. Nxg6# 1-0

[Event "Tournoi Skype 030B"]
[Site "Skype"]
[Date "????.??.??"]
[Round "7.58"]
[White "Vasquez Donaire, Ivis Godofredo"]
[Black "Grib, Jessica"]
[Result "1-0"]
[WhiteElo "1003"]
[BlackElo "1012"]
[PlyCount "75"]

1. e4 e5 2. Nf3 Nc6 3. Bc4 Nf6 4. d3 d5 5. Bb3 Bc5 6. O-O Bg4 7. h3 h5 8. Bg5
h4 9. Bxd5 Qe7 10. Bxc6+ bxc6 11. c4 Rb8 12. Qa4 Rh5 13. Qxc6+ Qd7 14. Qxc5
Bxf3 15. Qxe5+ Qe6 16. Qxe6+ fxe6 17. Bxf6 gxf6 18. gxf3 Rg5+ 19. Kh1 Rxb2 20.
Nc3 Rd2 21. Nb5 Rxd3 22. Nxc7+ Kd7 23. Nb5 Rxf3 24. Rad1+ Kc6 25. Nxa7+ Kb7 26.
Rd7+ Kb6 27. Rb1+ Kc5 28. Rb5+ Kxc4 29. Rxg5 fxg5 30. Rc7+ Kd4 31. Kg2 Rf4 32.
Nc6+ Kxe4 33. a4 Kd5 34. Ne7+ Kd6 35. Ng6 Rxa4 36. Rg7 e5 37. Re7 e4 38. Re5
1-0

[Event "Tournoi Skype 030B"]
[Site "Skype"]
[Date "????.??.??"]
[Round "7.59"]
[White "Lai, Mattia"]
[Black "Fuentes, Francisco"]
[Result "1-0"]
[WhiteElo "1000"]
[BlackElo "1005"]
[PlyCount "121"]

1. e4 e6 2. d3 d5 3. Nd2 Bd6 4. g3 c6 5. Ngf3 Nd7 6. Bg2 e5 7. O-O Ngf6 8. Ng5
g6 9. Ndf3 O-O 10. Be3 Re8 11. Nxf7 Kxf7 12. Bh6 Ng4 13. Ng5+ Kg8 14. Qxg4 Nf8
15. Qf3 Ne6 16. Nf7 Bf8 17. Nxd8 Bxh6 18. Nf7 Ng5 19. Qf6 Nxf7 20. Rfe1 Bg4 21.
h3 Bh5 22. c4 Ng5 23. cxd5 cxd5 24. exd5 e4 25. dxe4 b6 26. e5 Nf7 27. e6 Nd6
28. e7 Nb5 29. Qe6+ Kg7 30. d6 Nd4 31. Qd5 Nf5 32. d7 Nxe7 33. Qe6 Kf8 34. Bxa8
Rxa8 35. Qd6 Rd8 36. Qxe7+ Kg8 37. Qxd8+ Kf7 38. Qe8+ Kf6 39. Re6+ Kf5 40. Qf8+
Kxe6 41. d8=R Bxf8 42. Rxf8 g5 43. Re1+ Kd6 44. Rc8 a5 45. Rb8 h6 46. Rxb6+ Kc5
47. Rxh6 Bf3 48. Rc1+ Kd4 49. Rd6+ Ke4 50. Rc4+ Ke5 51. Rg6 Kd5 52. Ra4 g4 53.
hxg4 Ke5 54. Rxa5+ Kd4 55. Rd6+ Ke4 56. g5 Bg4 57. Ra4+ Ke5 58. Rf6 Bd1 59.
Ra5+ Kd4 60. Rd6+ Ke4 61. Rxd1 1-0

[Event "Tournoi Skype 030B"]
[Site "Skype"]
[Date "????.??.??"]
[Round "7.60"]
[White "Molina, Maria Lucia"]
[Black "Gagnon, Sindy"]
[Result "0-1"]
[WhiteElo "1000"]
[BlackElo "1000"]
[PlyCount "62"]

1. e4 e5 2. Nf3 Nc6 3. Bc4 Nh6 4. c3 d6 5. d4 Qe7 6. O-O g6 7. Nbd2 Bg7 8. b4
O-O 9. d5 Nd8 10. h4 c6 11. Re1 cxd5 12. Bxd5 Ne6 13. Ng5 Nxg5 14. hxg5 Qxg5
15. Kf1 Bg4 16. Nf3 Qh5 17. Ke2 Be6 18. Bxe6 fxe6 19. Qxd6 Rfe8 20. Qd2 Nf7 21.
Ba3 Bh6 22. g4 Qxg4 23. Rad1 Bxd2 24. Rxd2 Rac8 25. Bb2 Rc4 26. Rd3 Rxe4+ 27.
Re3 Rf4 28. Kd3 e4+ 29. Rxe4 Qxf3+ 30. R1e3 Qd1+ 31. Kc4 Rf5 0-1

[Event "Tournoi Skype 030B"]
[Site "Skype"]
[Date "????.??.??"]
[Round "8.1"]
[White "Lago Carballo, Maria Del Carmen"]
[Black "Herrera, Oscar"]
[Result "1-0"]
[WhiteElo "1294"]
[BlackElo "1126"]
[PlyCount "79"]

1. e4 e5 2. Nf3 d6 3. d4 exd4 4. Nxd4 c5 5. Bb5+ Nd7 6. Nf3 a6 7. Bc4 b5 8. Be2
Bb7 9. Nc3 Ngf6 10. Bg5 Be7 11. Nd5 O-O 12. Bxf6 Nxf6 13. Nxf6+ Bxf6 14. Nd2
Re8 15. c3 Rc8 16. Bf3 c4 17. O-O Qb6 18. Re1 Rcd8 19. Qc2 Be5 20. Re2 h6 21.
Rae1 Qc7 22. Nf1 d5 23. exd5 Bxd5 24. Bxd5 Rxd5 25. Ng3 Re6 26. Kh1 Qc6 27. Nf5
Bd6 28. Rxe6 fxe6 29. Nd4 Qb7 30. Rxe6 Re5 31. Rxe5 Bxe5 32. Nf3 Qd5 33. Qe2
Bd6 34. Nd4 Qg5 35. Qe6+ Kh8 36. g3 Qe5 37. Qc8+ Kh7 38. Qg4 Bc5 39. Nf3 Bxf2
40. Nxe5 1-0

[Event "Tournoi Skype 030B"]
[Site "Skype"]
[Date "????.??.??"]
[Round "8.2"]
[White "Khabou, Taha"]
[Black "Kumbhar, Ashok"]
[Result "0-1"]
[WhiteElo "1358"]
[BlackElo "1018"]
[PlyCount "88"]

1. d4 Nf6 2. Bf4 d5 3. Nf3 Bf5 4. e3 e6 5. Bd3 Bxd3 6. Qxd3 Bd6 7. Bg3 Ne4 8.
Qb5+ Nd7 9. Bxd6 Nxd6 10. Qd3 O-O 11. O-O Nf6 12. Nbd2 Nde4 13. Ne5 Nxd2 14.
Qxd2 Ne4 15. Qd3 c5 16. c3 Rc8 17. f3 c4 18. Qe2 Nf6 19. a4 a6 20. a5 Re8 21.
e4 Nh5 22. Qe3 b6 23. axb6 Qxb6 24. Rfb1 Ra8 25. Nd7 Qc7 26. Nc5 a5 27. e5 g6
28. Ra4 Ra7 29. g4 Ng7 30. Qh6 Rb8 31. f4 Ne8 32. Rf1 f5 33. Nxe6 Qe7 34. gxf5
Rxb2 35. Rf3 Rb1+ 36. Kf2 Ng7 37. f6 Qxe6 38. fxg7 Rxg7 39. Rxa5 Qb6 40. Rxd5
Qb2+ 41. Kg3 Rg1+ 42. Kh4 Qxh2+ 43. Rh3 Qf2+ 44. Rg3 Qxg3# 0-1

[Event "Tournoi Skype 030B"]
[Site "Skype"]
[Date "????.??.??"]
[Round "8.3"]
[White "Resende, Paulo"]
[Black "Rosenkoetter, David"]
[Result "1-0"]
[WhiteElo "1000"]
[BlackElo "1143"]
[PlyCount "77"]

1. e4 c5 2. Nf3 d6 3. d4 cxd4 4. Nxd4 Nf6 5. Nc3 a6 6. Bd3 e5 7. Nb3 Be7 8. O-O
O-O 9. h3 b5 10. a3 Bb7 11. Bg5 Nbd7 12. Kh1 Nb6 13. f4 h6 14. Bh4 exf4 15.
Bxf6 Bxf6 16. Rxf4 Be5 17. Rf5 Bc8 18. Qe1 Bxf5 19. exf5 Qg5 20. Ne4 Qf4 21.
Qg1 Nd5 22. Rf1 Qe3 23. f6 Qxg1+ 24. Kxg1 Bd4+ 25. Nxd4 Nf4 26. Rxf4 g5 27. Rf2
Kh7 28. Nxd6+ Kh8 29. N4f5 Rad8 30. Nb7 Rd7 31. Nc5 Ra7 32. Nxh6 a5 33. Bxb5
Rc7 34. Ne4 Rb7 35. a4 Rb6 36. Nxg5 Rd6 37. Ngxf7+ Rxf7 38. Nxf7+ Kg8 39. Nxd6
1-0

[Event "Tournoi Skype 030B"]
[Site "Skype"]
[Date "????.??.??"]
[Round "8.4"]
[White "Garcia De La Calva, Juan Ramon"]
[Black "Scata, Laura"]
[Result "1-0"]
[WhiteElo "1000"]
[BlackElo "1366"]
[PlyCount "43"]

1. e4 c6 2. d4 d5 3. f3 dxe4 4. fxe4 Nf6 5. e5 Nd5 6. c4 Nc7 7. Bd3 Qxd4 8. Nf3
Qb6 9. Ng5 h6 10. Qh5 Be6 11. Nxe6 Nxe6 12. Rf1 Nd8 13. e6 Nxe6 14. Qxf7+ Kd7
15. Bf5 c5 16. Nc3 Na6 17. Nd5 Qc6 18. Bf4 Nb4 19. O-O-O Nxa2+ 20. Kc2 Qa4+ 21.
b3 Qa6 22. Nb4+ 1-0

[Event "Tournoi Skype 030B"]
[Site "Skype"]
[Date "????.??.??"]
[Round "8.5"]
[White "De Fazio, Monica"]
[Black "Hernandez Lopez, Joaquin"]
[Result "1-0"]
[WhiteElo "1153"]
[BlackElo "1061"]
[PlyCount "89"]

1. d4 e6 2. c4 d5 3. Nf3 f5 4. g3 Nf6 5. Bg2 Bb4+ 6. Nbd2 c6 7. O-O O-O 8. a3
Bd6 9. b3 Nbd7 10. Bb2 b6 11. Ne5 Ng4 12. Nxg4 fxg4 13. e4 e5 14. Qxg4 Nf6 15.
Qe2 Bg4 16. f3 Bd7 17. dxe5 Bxe5 18. Bxe5 Re8 19. Bf4 Nh5 20. Be3 Re6 21. cxd5
cxd5 22. exd5 Rd6 23. f4 Nf6 24. Qd3 Be6 25. Nc4 Bxd5 26. Nxd6 Qxd6 27. Bxd5+
Qxd5 28. Qxd5+ Nxd5 29. Bd4 Rc8 30. Rfe1 Kf7 31. Rad1 Nf6 32. Bxf6 Kxf6 33.
Rd6+ Kf7 34. Rd7+ Kf8 35. Rxa7 Rc3 36. b4 b5 37. Re5 Rc1+ 38. Kg2 Rc2+ 39. Kh3
h6 40. Rf5+ Kg8 41. Ra8+ Kh7 42. Rff8 Kg6 43. Ra6+ Kh7 44. f5 g6 45. Ra7+ 1-0

[Event "Tournoi Skype 030B"]
[Site "Skype"]
[Date "????.??.??"]
[Round "8.6"]
[White "Cengiz, Ali Ekber"]
[Black "Castanha, Marco"]
[Result "1-0"]
[WhiteElo "1281"]
[BlackElo "1000"]
[PlyCount "57"]

1. e4 e5 2. Nf3 Nc6 3. Bc4 Nf6 4. d3 Bc5 5. h3 d6 6. c3 O-O 7. Nbd2 d5 8. exd5
Nxd5 9. Ne4 Be7 10. O-O Nf6 11. Be3 Nxe4 12. dxe4 Qxd1 13. Raxd1 a6 14. b4 b5
15. Bd5 Bb7 16. Nxe5 Nxe5 17. Bxb7 Rab8 18. Bxa6 Bd6 19. f4 Nc4 20. Bd4 Rfe8
21. e5 Be7 22. a4 Nb2 23. Ra1 c6 24. axb5 cxb5 25. Ba7 Rbd8 26. Bxb5 Rf8 27.
Bd4 Rc8 28. Ra7 Nc4 29. Rxe7 1-0

[Event "Tournoi Skype 030B"]
[Site "Skype"]
[Date "????.??.??"]
[Round "8.7"]
[White "Parrales, Rodolfo"]
[Black "Abdulrazzaq, Mohsen"]
[Result "0-1"]
[WhiteElo "1146"]
[BlackElo "1346"]
[PlyCount "62"]

1. d4 Nf6 2. c4 g6 3. Nc3 Bg7 4. e4 d6 5. Be2 Nbd7 6. Nf3 O-O 7. O-O e5 8. dxe5
dxe5 9. Be3 Qe7 10. Qc2 Nc5 11. Nd5 Nxd5 12. cxd5 b6 13. Rad1 f5 14. b4 Nxe4
15. Qc6 Bd7 16. Qxc7 Rfc8 17. d6 Qe8 18. Qb7 Nc3 19. Rd2 Nxe2+ 20. Rxe2 Bc6 21.
Qa6 Bb5 22. d7 Qxd7 23. Rd2 Qc6 24. Qa3 Bxf1 25. Kxf1 f4 26. Qb3+ Qc4+ 27.
Qxc4+ Rxc4 28. Bxf4 exf4 29. b5 Rc1+ 30. Ke2 Re8+ 31. Kd3 Rc3# 0-1

[Event "Tournoi Skype 030B"]
[Site "Skype"]
[Date "????.??.??"]
[Round "8.8"]
[White "Prieto, Jairo Ovidio"]
[Black "Mira Poveda, Jose Antonio"]
[Result "1-0"]
[WhiteElo "1277"]
[BlackElo "1117"]
[PlyCount "91"]

1. d4 d5 2. c4 Nf6 3. Nc3 c6 4. c5 Bf5 5. Bf4 e6 6. h3 b6 7. b4 a5 8. a3 Na6 9.
Na4 b5 10. Nb6 Ra7 11. bxa5 Nh5 12. Bh2 Be7 13. e3 Bg6 14. Be2 O-O 15. Bxh5 Nc7
16. Bxg6 fxg6 17. Nf3 Rxa5 18. Ne5 Qe8 19. Ned7 Rf7 20. Bxc7 Ra7 21. Ne5 Rxc7
22. Nxf7 Qxf7 23. O-O Bg5 24. a4 Ra7 25. Nc8 Rc7 26. Nd6 Qf8 27. Qg4 Qe7 28.
axb5 h5 29. Ra8+ Kh7 30. Qf3 cxb5 31. Re8 Qf6 32. Qxf6 Bxf6 33. Rxe6 b4 34. Rb1
Ra7 35. c6 b3 36. Rxb3 Ra1+ 37. Kh2 Bd8 38. Re8 Bc7 39. Re6 Ra6 40. Rc3 Ra2 41.
Kg3 h4+ 42. Kf3 g5 43. Nf7 g4+ 44. hxg4 Kg8 45. Ng5 Ra1 46. Re8# 1-0

[Event "Tournoi Skype 030B"]
[Site "Skype"]
[Date "????.??.??"]
[Round "8.9"]
[White "Conde, Ramon"]
[Black "Moumtaz, Abderrahim"]
[Result "0-1"]
[WhiteElo "1104"]
[BlackElo "1213"]
[PlyCount "118"]

1. d4 Nf6 2. Nc3 d5 3. Bf4 c6 4. Qd2 Bf5 5. f3 e6 6. O-O-O Bb4 7. g4 Bg6 8. Nh3
h6 9. Nf2 Nbd7 10. e3 Nb6 11. Bd3 Bxd3 12. Qxd3 Bd6 13. Bg3 Qc7 14. Rhg1 Bxg3
15. Rxg3 g5 16. e4 dxe4 17. fxe4 Qf4+ 18. Rd2 Rd8 19. Rf3 Qxh2 20. Rxf6 Qg1+
21. Rd1 Qg2 22. Qf3 Qxf3 23. Rxf3 Nc4 24. Rfd3 O-O 25. d5 cxd5 26. exd5 Ne5 27.
Rh3 Kg7 28. dxe6 Rxd1+ 29. Ncxd1 fxe6 30. Re3 Kf7 31. Rxe5 Ke7 32. Ne4 Rf4 33.
Ndf2 Kd7 34. Rb5 Kc6 35. Rc5+ Kd7 36. Kd2 b6 37. Rc4 e5 38. Nh3 Rf3 39. Nhxg5
hxg5 40. Nxg5 Rg3 41. Ne4 Rf3 42. g5 Ke7 43. Rc7+ Ke6 44. Ke2 Rf4 45. g6 Rxe4+
46. Kf3 Rf4+ 47. Kg3 Rf8 48. g7 Rg8 49. Rxa7 Kf6 50. Kf3 Re8 51. Ke4 Kg6 52. b4
Kh7 53. c4 Re6 54. Kf5 Re8 55. c5 bxc5 56. bxc5 e4 57. Kf4 e3 58. Kf3 e2 59. c6
e1=Q 0-1

[Event "Tournoi Skype 030B"]
[Site "Skype"]
[Date "????.??.??"]
[Round "8.10"]
[White "Khatanhar, Mohit"]
[Black "Morales Terreros, Jose Luis"]
[Result "0-1"]
[WhiteElo "1180"]
[BlackElo "1000"]
[PlyCount "38"]

1. e4 e5 2. Nf3 Nc6 3. Bc4 Nf6 4. d3 Bc5 5. O-O Ng4 6. h3 h5 7. Ng5 d5 8. Bxd5
Qe7 9. Bxf7+ Kd8 10. Bd5 Rf8 11. Nf3 Be6 12. hxg4 hxg4 13. Bg5 Rf6 14. Bxf6
Qxf6 15. Bxe6 g3 16. Bd5 Qh6 17. Bxc6 bxc6 18. d4 exd4 19. Nxd4 Qh2# 0-1

[Event "Tournoi Skype 030B"]
[Site "Skype"]
[Date "????.??.??"]
[Round "8.11"]
[White "Llabres, Sergio"]
[Black "Pirola, Gabriele"]
[Result "0-1"]
[WhiteElo "1176"]
[BlackElo "1000"]
[PlyCount "120"]

1. d4 d5 2. Nf3 Nf6 3. b3 c6 4. Bb2 e6 5. a3 Bd6 6. e3 O-O 7. Bd3 h6 8. Nbd2
Nbd7 9. Ne5 Re8 10. h3 c5 11. O-O cxd4 12. exd4 Qc7 13. Ndf3 a6 14. c4 b6 15.
Rc1 Qb8 16. Nxd7 Nxd7 17. Ne5 Nxe5 18. dxe5 Bxe5 19. Bxe5 Qxe5 20. cxd5 exd5
21. Re1 Qxe1+ 22. Qxe1 Rxe1+ 23. Rxe1 Be6 24. f4 a5 25. f5 Bd7 26. Re7 Rd8 27.
Re5 Bc6 28. Kf2 Re8 29. Rxe8+ Bxe8 30. Ke3 Bc6 31. g4 f6 32. Kf4 Kf7 33. h4 Ke7
34. g5 hxg5+ 35. hxg5 fxg5+ 36. Kxg5 Be8 37. Kf4 Kf6 38. b4 Bf7 39. bxa5 bxa5
40. Bc2 Be8 41. Bd3 Bd7 42. Bc2 d4 43. Bd3 Bc8 44. Bc2 Ba6 45. Ke4 d3 46. Bxd3
Bxd3+ 47. Kxd3 Kxf5 48. a4 g5 49. Kc4 g4 50. Kb5 g3 51. Kxa5 g2 52. Ka6 Ke6 53.
a5 Kd6 54. Kb7 g1=Q 55. a6 Qg7+ 56. Kb8 Qc7+ 57. Ka8 Qc8+ 58. Ka7 Qc5+ 59. Kb7
Qa5 60. Ka7 Kc7 0-1

[Event "Tournoi Skype 030B"]
[Site "Skype"]
[Date "????.??.??"]
[Round "8.12"]
[White "Barrera Mendoza, Carlos"]
[Black "Franco, Yolima"]
[Result "1-0"]
[WhiteElo "1166"]
[BlackElo "1495"]
[PlyCount "93"]

1. e4 Nf6 2. Nc3 e5 3. Nf3 Nc6 4. Bb5 Nd4 5. Bc4 d6 6. h3 c6 7. O-O b5 8. Bd3
Be7 9. Nxd4 exd4 10. Ne2 O-O 11. Nxd4 Qb6 12. Nf3 Bb7 13. Re1 Rfe8 14. a4 d5
15. e5 Ne4 16. Bxe4 dxe4 17. Rxe4 c5 18. Re1 Rad8 19. d3 c4 20. d4 Qg6 21. Bf4
Bc5 22. c3 b4 23. Bg3 bxc3 24. bxc3 Re6 25. Nh4 Qg5 26. Qg4 Qxg4 27. hxg4 Bb6
28. Reb1 Bc8 29. a5 Bc7 30. Nf5 g6 31. Ne3 Ra6 32. f3 Be6 33. Rb5 Bd7 34. Rd5
Be6 35. Rxd8+ Bxd8 36. d5 Bc8 37. Nxc4 Bb7 38. d6 Bd5 39. Ne3 Be6 40. c4 Rc6
41. Bf2 Rc5 42. a6 Rxe5 43. Rc1 Ra5 44. c5 Rxa6 45. c6 Bb6 46. c7 Bxe3 47.
c8=Q+ 1-0

[Event "Tournoi Skype 030B"]
[Site "Skype"]
[Date "????.??.??"]
[Round "8.13"]
[White "De Nobrega, George"]
[Black "Roman, Sylvian"]
[Result "1/2-1/2"]
[WhiteElo "1166"]
[BlackElo "1284"]
[PlyCount "57"]

1. e4 e5 2. Nf3 Nc6 3. Bc4 Bc5 4. a3 a5 5. Qe2 d6 6. h3 Nd4 7. Nxd4 Bxd4 8. c3
Bc5 9. Qh5 Qf6 10. Qe2 Ne7 11. d3 O-O 12. Be3 Bxe3 13. Qxe3 Qf4 14. Qxf4 exf4
15. Nd2 Be6 16. O-O Ng6 17. Rfe1 Ne5 18. Bxe6 fxe6 19. d4 Nd3 20. Reb1 e5 21.
d5 a4 22. b4 axb3 23. Rxb3 Nc5 24. Rbb1 b6 25. f3 Na4 26. c4 Nc3 27. Rb3 Ne2+
28. Kf1 Nd4 29. Rb2 1/2-1/2

[Event "Tournoi Skype 030B"]
[Site "Skype"]
[Date "????.??.??"]
[Round "8.14"]
[White "Malbec, Robert"]
[Black "Crocioni, Luca"]
[Result "1-0"]
[WhiteElo "1223"]
[BlackElo "1119"]
[PlyCount "81"]

1. d4 Nf6 2. c4 e6 3. Nc3 d5 4. cxd5 Nxd5 5. a3 Be7 6. Nf3 h6 7. Qd3 a6 8. e4
Nf6 9. e5 Nd5 10. Nxd5 exd5 11. Bd2 Be6 12. Qb3 Qc8 13. Bd3 Nc6 14. Bc2 b5 15.
Qc3 Qd7 16. h3 b4 17. Qd3 bxa3 18. bxa3 Bf5 19. Qxf5 Qxf5 20. Bxf5 Rb8 21. O-O
O-O 22. Bf4 g5 23. Be3 Na5 24. a4 Nc4 25. e6 fxe6 26. Bxe6+ Kg7 27. Bxd5 Nd6
28. Ne5 Rfd8 29. Nc6 Nf5 30. Nxb8 Rxd5 31. Rfb1 Kf6 32. Rb7 Bd6 33. g3 Nxe3 34.
fxe3 Bxg3 35. Rc1 Kg6 36. Kg2 Bd6 37. Rc6 Kh5 38. Rxa6 Rf5 39. a5 Kh4 40. Rxc7
Bxc7 41. Rxh6# 1-0

[Event "Tournoi Skype 030B"]
[Site "Skype"]
[Date "????.??.??"]
[Round "8.17"]
[White "Quiel, Aristoteles"]
[Black "Lognos, Lina"]
[Result "1-0"]
[WhiteElo "1196"]
[BlackElo "1023"]
[PlyCount "67"]

1. d4 Nf6 2. e3 d5 3. Bd3 e6 4. f4 c5 5. c3 c4 6. Bc2 Be7 7. Nf3 O-O 8. Ne5
Nbd7 9. O-O Ne4 10. Nd2 Nxd2 11. Bxd2 Nf6 12. Qf3 Qb6 13. Rab1 a5 14. g4 h6 15.
g5 hxg5 16. fxg5 Ne4 17. Bxe4 dxe4 18. Qxe4 Qd8 19. g6 fxg6 20. Nxg6 Rxf1+ 21.
Rxf1 Bd7 22. Rf3 Bc6 23. Qxe6+ Kh7 24. Rh3+ Bh4 25. Nxh4 Qg5+ 26. Ng2+ Qh6 27.
Rxh6+ gxh6 28. Qf7+ Kh8 29. e4 Be8 30. Qf8+ Kh7 31. Qxh6+ Kg8 32. Bg5 Bc6 33.
d5 Be8 34. Bf6 1-0

[Event "Tournoi Skype 030B"]
[Site "Skype"]
[Date "????.??.??"]
[Round "8.18"]
[White "Guevara, Lizbeth"]
[Black "De Coninck, Philippe"]
[Result "0-1"]
[WhiteElo "1036"]
[BlackElo "1173"]
[PlyCount "64"]

1. e4 e5 2. Nf3 Nc6 3. c3 Nf6 4. d3 Bc5 5. Be2 d5 6. Be3 Bxe3 7. fxe3 dxe4 8.
Ng5 h6 9. Nxf7 Kxf7 10. Qb3+ Qd5 11. c4 Qe6 12. Nc3 exd3 13. Bxd3 a6 14. O-O-O
Rd8 15. Be2 Kg8 16. h3 e4 17. Na4 Qe5 18. c5+ Kh7 19. Rxd8 Nxd8 20. Bc4 Bd7 21.
c6 Bxc6 22. Nb6 cxb6 23. Qxb6 Rc8 24. Rd1 Bd5 25. Kb1 Bxc4 26. Rxd8 Bd3+ 27.
Rxd3 exd3 28. Qd4 Qxd4 29. exd4 d2 30. a3 Rc1+ 31. Ka2 d1=Q 32. b4 Qc2# 0-1

[Event "Tournoi Skype 030B"]
[Site "Skype"]
[Date "????.??.??"]
[Round "8.19"]
[White "Duthoit, Bernard"]
[Black "Rivalta, Paolo"]
[Result "1/2-1/2"]
[WhiteElo "1333"]
[BlackElo "1142"]
[PlyCount "98"]

1. e4 e5 2. Nf3 Nc6 3. Bc4 h6 4. Nc3 Bb4 5. d3 Bxc3+ 6. bxc3 Nf6 7. Bb5 d5 8.
exd5 Qxd5 9. Bxc6+ Qxc6 10. Nxe5 Qxg2 11. Qf3 Qxf3 12. Nxf3 O-O 13. Rg1 Re8+
14. Kf1 Bh3+ 15. Rg2 Bxg2+ 16. Kxg2 Re2 17. Bd2 Rd8 18. h3 c5 19. Rb1 b6 20.
Kf1 Re6 21. Be3 Nd5 22. Bd2 Rde8 23. c4 Nf6 24. Be3 g5 25. Ke2 g4 26. hxg4 Nxg4
27. Kd2 Nxe3 28. fxe3 Rxe3 29. Re1 Rxe1 30. Nxe1 f5 31. Nf3 f4 32. Nh4 Kf7 33.
Nf5 f3 34. Nd6+ Ke7 35. Nxe8 Kxe8 36. Ke1 Kf7 37. Kf2 Kg6 38. Kxf3 h5 39. Kg3
Kg5 40. Kh3 a6 41. c3 Kf4 42. d4 cxd4 43. cxd4 Ke4 44. d5 Ke5 45. a4 Kd6 46.
Kh4 b5 47. cxb5 axb5 48. axb5 Kxd5 49. b6 Kc6 1/2-1/2

[Event "Tournoi Skype 030B"]
[Site "Skype"]
[Date "????.??.??"]
[Round "8.20"]
[White "Barba Cepeda, Julio Cesar"]
[Black "Vincent, Andre"]
[Result "1-0"]
[WhiteElo "1139"]
[BlackElo "1332"]
[PlyCount "83"]

1. e4 c5 2. Nf3 d6 3. Bc4 Nf6 4. d3 Nbd7 5. c3 Nb6 6. Bb3 h6 7. h3 e5 8. O-O
Be7 9. Be3 Qc7 10. Nbd2 Bd7 11. d4 Bb5 12. Re1 c4 13. Bc2 Rc8 14. a4 Bd7 15. a5
Na8 16. dxe5 dxe5 17. Bxa7 O-O 18. Nf1 Be6 19. Be3 Rfd8 20. Qc1 Bc5 21. Ng3
Bxe3 22. Qxe3 Qc5 23. Qe2 Nc7 24. Nh4 Kf8 25. Nhf5 Ng8 26. Qf3 Rd2 27. Re2 Rcd8
28. Nf1 R2d7 29. Ree1 Ne8 30. Qe3 Qxe3 31. N5xe3 Ngf6 32. Ra4 Nd6 33. Rd1 Nfxe4
34. Bxe4 Nxe4 35. Rxd7 Rxd7 36. Nxc4 Bxc4 37. Rxc4 Nd2 38. Nxd2 Rxd2 39. b4
Rd1+ 40. Kh2 Rd8 41. Rc5 f6 42. b5 1-0

[Event "Tournoi Skype 030B"]
[Site "Skype"]
[Date "????.??.??"]
[Round "8.21"]
[White "Codina, Teresa"]
[Black "Linares Vernet, Ana"]
[Result "0-1"]
[WhiteElo "1310"]
[BlackElo "1140"]
[PlyCount "108"]

1. d4 d5 2. Nf3 Nf6 3. h3 c6 4. Bf4 e6 5. Nbd2 Bd6 6. Bh2 Bxh2 7. Nxh2 b6 8. e3
Nbd7 9. Bd3 e5 10. dxe5 Nxe5 11. Be2 O-O 12. Nhf3 Nxf3+ 13. Nxf3 Qc7 14. O-O
Re8 15. Rc1 Bb7 16. c3 c5 17. a3 Rad8 18. Qc2 Ne4 19. Rfd1 a5 20. Nd2 Nf6 21.
Bf3 Ne4 22. Be2 Ra8 23. Nf1 Qe7 24. f3 Nf6 25. Qb1 Ba6 26. Bxa6 Rxa6 27. Re1
Qd6 28. Rcd1 Qb8 29. Nh2 a4 30. Ng4 Nxg4 31. hxg4 Qb7 32. e4 dxe4 33. Rxe4 Raa8
34. Rde1 Rxe4 35. Rxe4 b5 36. Qe1 Qc6 37. g5 g6 38. f4 Kf8 39. g4 Re8 40. Rxe8+
Qxe8 41. Qxe8+ Kxe8 42. f5 gxf5 43. gxf5 Ke7 44. Kf2 Kd6 45. Ke3 Ke5 46. g6
hxg6 47. fxg6 fxg6 48. Kf3 Kf5 49. Kg3 g5 50. Kf3 g4+ 51. Kg3 Kg5 52. Kg2 Kf4
53. Kf2 g3+ 54. Kg2 Kg4 0-1

[Event "Tournoi Skype 030B"]
[Site "Skype"]
[Date "????.??.??"]
[Round "8.22"]
[White "Sosa, Juan Carlos"]
[Black "Ibanez, Bittor"]
[Result "1-0"]
[WhiteElo "1276"]
[BlackElo "1080"]
[PlyCount "87"]

1. d4 Nf6 2. Nc3 d5 3. Bf4 Nh5 4. Bg5 f6 5. Bh4 g5 6. e3 g4 7. h3 Ng7 8. hxg4
h5 9. g5 f5 10. Nf3 e6 11. Ne5 Bb4 12. g6 Bxc3+ 13. bxc3 Qd6 14. Nf7 Qc6 15.
Nxh8 Qxc3+ 16. Ke2 f4 17. exf4 e5 18. Rh3 Bxh3 19. gxh3 e4 20. Bg2 Nc6 21. Kf1
Nxd4 22. Bf6 Qc4+ 23. Kg1 Ne2+ 24. Kh1 Nxf4 25. Bxg7 Kd7 26. Nf7 Ke7 27. Bf1
Qc6 28. Ne5 Qe6 29. Rb1 Rg8 30. Rxb7 Rxg7 31. Rxc7+ Kf6 32. Rxg7 Kxg7 33. Qd4
Nxg6 34. Qxa7+ Kf6 35. Nxg6 Kxg6 36. a4 Qf6 37. a5 Qf3+ 38. Kg1 e3 39. Qxe3 Qf6
40. a6 d4 41. Qg3+ Kh6 42. a7 Qf8 43. Bg2 Qa3 44. Qxa3 1-0

[Event "Tournoi Skype 030B"]
[Site "Skype"]
[Date "????.??.??"]
[Round "8.23"]
[White "Yanez, Leticia Jorgelina"]
[Black "Battaglia, Gabriele"]
[Result "1/2-1/2"]
[WhiteElo "1120"]
[BlackElo "1271"]
[PlyCount "66"]

1. e4 c5 2. Nf3 Nc6 3. c3 d6 4. d4 cxd4 5. cxd4 Nf6 6. Nc3 g6 7. Be3 Bg7 8. Bd3
O-O 9. Qd2 Ng4 10. Bg5 Nxd4 11. Qf4 Nxf3+ 12. gxf3 Ne5 13. O-O-O Re8 14. h4 Bd7
15. h5 a6 16. hxg6 fxg6 17. Bh6 Rf8 18. Qg5 Nxf3 19. Bc4+ Kh8 20. Bxg7+ Kxg7
21. Qh6+ Kf6 22. Nd5+ Ke5 23. Qg7+ Kxe4 24. Rhe1+ Nxe1 25. Rxe1+ Kf3 26. Qc3+
Kxf2 27. Qe3+ Kg2 28. Bf1+ Rxf1 29. Nf4+ Rxf4 30. Re2+ Kf1 31. Re1+ Kg2 32.
Re2+ Kf1 33. Re1+ Kg2 1/2-1/2